000 00406cam a2200145 a 4500
020 _a0140148671
040 _cDLC
082 0 0 _a741 PEN 1990 A085 Or.
100 1 _aLeunig, Michael,
245 1 4 _aThe travelling Leunig /
260 _aRingwood, Vic., Australia :
_bPenguin Books,
_c1990.
300 _a1 v. (unpaged) :
_bill. ;
_c18 x 23 cm.
650 0 _aAustralian wit and humor, Pictorial.
942 _cEK
999 _c12844
_d12844